Games With Stages In Smash Ultimate - Statistics

General Stats
  • This quiz has been taken 56 times
    30 since last reset
  • The average score is 72 of 92
Answer Stats
Stage(s) Origin Game Or Series % Correct
Kongo Falls and 75 m Donkey Kong
100%
Peach’s Castle Super Mario
100%
Mushroom Kingdom and Mushroomy Kingdom Super Mario Bros.
100%
Hyrule Castle and Temple The Legend Of Zelda
100%
Skyworld Kid Icarus
94%
Luigi’s Mansion Luigi’s Mansion
94%
Pokémon Stadium and Pokémon Stadium 2 Pokémon
94%
Green Hill Zone Sonic The Hedgehog
94%
Battlefield, Big Battlefield, and Final Destination Super Smash Bros. Ultimate
94%
Smashville Animal Crossing
89%
Kongo Jungle Donkey Kong Country
89%
Onett, Fourside, and Magicant EarthBound
89%
Big Blue and Mute City SNES F-Zero
89%
Dream Land, Green Greens, and Dream Land GB Kirby
89%
Mario Bros. Mario Bros.
89%
Figure-8 Circuit Mario Kart
89%
Wily Castle Mega Man
89%
Brinstar, Brinstar Depths, and Norfair Metroid
89%
New Pork City Mother 3
89%
Paper Mario Paper Mario
89%
Pictochat 2 Pictochat
89%
Prism Tower and Kalos Pokémon League Pokémon X/Pokémon Y
89%
Corneria, Venom, and Lylat Cruise Star Fox
89%
3D Land Super Mario 3D Land
89%
Mario Galaxy Super Mario Galaxy
89%
Delfino Plaza Super Mario Sunshine
89%
Yoshi’s Island Super Mario World 2: Yoshi’s Island
89%
Gerudo Valley The Legend Of Zelda: Ocarina Of Time
89%
WarioWare, Inc. WarioWare, Inc. Mega Microgames!
89%
Wii Fit Studio Wii Fit
89%
Balloon Fight Balloon Fight
83%
Duck Hunt Duck Hunt
83%
Castle Siege and Coliseum Fire Emblem
83%
Minecraft World Minecraft
83%
Mushroom Kingdom U New Super Mario Bros. U
83%
Distant Planet Pikmin
83%
Pilotwings Pilotwings
83%
Boxing Ring Punch-Out!!
83%
Princess Peach’s Castle and Rainbow Cruise Super Mario 64
83%
Great Bay The Legend Of Zelda: Majora’s Mask
83%
Skyloft The Legend Of Zelda: Skyward Sword
83%
Pirate Ship The Legend Of Zelda: The Wind Waker
83%
Bridge Of Eldin The Legend Of Zelda: Twilight Princess
83%
Tomodachi Life Tomodachi Life
83%
Wrecking Crew Wrecking Crew
83%
Super Happy Tree and Yoshi’s Story Yoshi’s Story
83%
Dracula’s Castle Castlevania
78%
Flat Zone X Game & Watch
78%
Reset Bomb Forest and Palutena’s Temple Kid Icarus: Uprising
78%
Shadow Moses Island Metal Gear Solid
78%
Frigate Orpheon Metroid Prime
78%
Pac-Land Pac-Land
78%
Saffron City Pokémon Red Version/Pokémon Blue Version
78%
Unova Pokémon League Pokémon White Version/Pokémon Black Version
78%
Mushroom Kingdom II Super Mario Bros. 2
78%
Super Mario Maker Super Mario Maker
78%
New Donk City Hall Super Mario Odyssey
78%
Spirit Train The Legend Of Zelda: Spirit Tracks
78%
Tortimer Island Animal Crossing: New Leaf
72%
Midgar and Northern Cave Final Fantasy VII
72%
Find Mii Find Mii
72%
Arena Ferox Fire Emblem: Awakening
72%
Summit Ice Climber
72%
Hollow Bastion Kingdom Hearts
72%
King Of Fighters Stadium King Of Fighters
72%
Mario Circuit Mario Kart 8
72%
Living Room Nintendogs
72%
Spear Pillar Pokémon Diamond Version/Pokémon Pearl Version
72%
Moray Towers Splatoon
72%
Yoshi’s Island (Melee) Super Mario World
72%
Wuhu Island Wii Sports Resort
72%
Guar Plain Xenoblade Chronicles
72%
Spiral Mountain Banjo-Kazooie
67%
Umbra Clock Tower Bayonetta
67%
Yggdrasil’s Altar Dragon Quest XI: Echoes Of An Elusive Age
67%
Hanenbow Electroplankton
67%
Port Town Aero Dive F-Zero GX/F-Zero AX
67%
Gamer Game & Wario
67%
Fountain Of Dreams Kirby’s Adventure
67%
Halberd and The Great Cave Offensive Kirby Super Star
67%
Golden Plains New Super Mario Bros. 2
67%
Mementos Persona 5
67%
Great Plateau Tower The Legend Of Zelda: Breath Of The Wild
67%
Jungle Japes Donkey Kong 64
61%
Garden Of Hope Pikmin 3
61%
Mishima Dojo Tekken 7
61%
Spring Stadium Arms
56%
Garreg Mach Monastery Fire Emblem: Three Houses
56%
Suzaku Castle Street Fighter II
56%
Windy Hill Zone Sonic Lost World
50%
Cloud Sea Of Alrest Xenoblade Chronicles 2
50%
Town And City Animal Crossing: City Folk
44%
No matching quizzes found
Score Distribution
Percent of People with Each Score
Percentile by Number Answered
Your Score History
You have not taken this quiz since the last reset